|
|
|
|
| LEADER |
01209nam a2200313 4500 |
| 001 |
DLU140165381 |
| 005 |
##20141112 |
| 040 |
# |
# |
|a DLU
|b vie
|
| 041 |
# |
# |
|a vie
|
| 044 |
# |
# |
|a vn
|
| 082 |
# |
# |
|a 512.942
|b LE-N
|
| 100 |
# |
# |
|a Lê Đình Nhân.
|
| 245 |
# |
# |
|a Định lượng giả thuyết Sendov về nghiệm và điểm tới hạn của đa thức :
|b Luận văn Thạc sĩ Toán học /
|c Lê Đình Nhân; Đỗ Nguyên Sơn hướng dẫn.
|
| 260 |
# |
# |
|a Đà Lạt :
|b Trường Đại học Đà lạt,
|c 2013.
|
| 300 |
# |
# |
|a 53 tr. ;
|c 29 cm.
|
| 504 |
# |
# |
|a Tài liệu tham khảo: tr.52.
|
| 505 |
# |
# |
|a Chương 1. Giới thiệu chung -- Chương 2. Các kết quả chuẩn bị -- Chương 3. Chứng minh định lý chính -- Chương 4. Một số tính toán.
|
| 650 |
# |
# |
|a Định lượng giả thuyết Sendov.
|
| 700 |
# |
# |
|a Đỗ Nguyên Sơn,
|c TS.
|e hướng dẫn.
|
| 915 |
# |
# |
|a Toán giải tích
|b 604601
|c Thạc sĩ
|d Trường Đại học Đà lạt
|e Bộ Giáo dục và Đào tạo.
|
| 992 |
# |
# |
|a 0
|
| 994 |
# |
# |
|a DLU
|
| 900 |
# |
# |
|a True
|
| 911 |
# |
# |
|a Đào Thị Thu Huyền
|
| 925 |
# |
# |
|a G
|
| 926 |
# |
# |
|a A
|
| 927 |
# |
# |
|a LA
|
| 980 |
# |
# |
|a Thư viện Trường Đại học Đà Lạt
|